| 000 | 00422pab a2200133 454500 | ||
|---|---|---|---|
| 008 | 180718b xxu||||| |||| 00| 0 eng d | ||
| 100 | _aYaffe Jerry | ||
| 245 | _aThe `glass ceiling': the impasse of women in management in a country government workforce | ||
| 362 | _a19(3), Autumn 93, p.431-46 | ||
| 650 | _a Women -- U.S.A. | ||
| 650 | _aWomen as Executives -- U.S.A. | ||
| 773 | _aLocal Government Studies | ||
| 909 | _a25476 | ||
| 999 |
_c25476 _d25476 |
||